Breaking the habit (Record no. 72141)

MARC details
000 -LEADER
fixed length control field 00927cam a2200205 4500
001 - CONTROL NUMBER
control field ABS66477
008 - FIXED-LENGTH DATA ELEMENTS--GENERAL INFORMATION
fixed length control field 030221n2003 000 0 eng u
035 ## - SYSTEM CONTROL NUMBER
System control number (Sirsi) u121408
100 ## - MAIN ENTRY--PERSONAL NAME
Personal name Clarke, R.
245 ## - TITLE STATEMENT
Title Breaking the habit
260 ## - PUBLICATION, DISTRIBUTION, ETC.
Date of publication, distribution, etc. 2003
490 ## - SERIES STATEMENT
Series statement British Farmer and Grower
Volume/sequential designation (3) January 2003, 27(1)
520 ## - SUMMARY, ETC.
Summary, etc. The current system of farm subsidies has been criticised for encouraging over-production: Europe is now considering moving to decoupling and ending the link between subsidies and the amount of food produced by farmers. Provides an overview of the possible forms funding from the European Commission could take and the political opinion on what should be done and how, particularly from the viewpoint of the National Farmers' Union.
590 ## - LOCAL NOTE (RLIN)
Local note ABS
650 ## - SUBJECT ADDED ENTRY--TOPICAL TERM
Topical term or geographic name entry element CAP REFORM
650 ## - SUBJECT ADDED ENTRY--TOPICAL TERM
Topical term or geographic name entry element FARM SUBSIDIES
650 ## - SUBJECT ADDED ENTRY--TOPICAL TERM
Topical term or geographic name entry element COMMON AGRICULTURAL POLICY
690 ## - LOCAL SUBJECT ADDED ENTRY--TOPICAL TERM (OCLC, RLIN)
Topical term or geographic name as entry element Rural
9 (RLIN) 6268
942 ## - ADDED ENTRY ELEMENTS (KOHA)
Suppress in OPAC 0
Holdings
Withdrawn status Lost status Source of classification or shelving scheme Damaged status Not for loan Home library Current library Shelving location Date acquired Total Checkouts Full call number Barcode Date last seen Copy number Price effective from Koha item type
    Dewey Decimal Classification     London London Journal article 21/02/2003   ABS66477 121408-1001 06/08/2019 1 06/08/2019 Journal article